| 000 | 00740nam a2200205 i 4500 | ||
|---|---|---|---|
| 001 | 50616 | ||
| 003 | ES-MaACL | ||
| 005 | 20251115063234.0 | ||
| 007 | t| | ||
| 008 | 030805s1952 cu ||||1| spa d | ||
| 100 | 0 |
_aChacón y Calvo, José María, _d1893-1969 _937770 |
|
| 245 | 1 | 0 |
_aDon Raimundo Cabrera o La evocación creadora / _cdiscurso leído por el académico José Mª Chacón y Calvo. |
| 260 |
_aLa Habana : _b[s.n.], _c1952 ( _fImp. Siglo XX) |
||
| 300 |
_a41 p. : _bretr. aut. ; _c1952. |
||
| 500 | _aPrecede al tít.: Academia de la Historia de Cuba. | ||
| 710 | 2 |
_aAcademia de la Historia de Cuba. _91183 |
|
| 740 | 3 | _aLa evocación creadora. | |
| 852 |
_aES-MaACL _j1985-F-9 _bR.34639 |
||
| 999 |
_c50616 _d50616 |
||